000 00640nam 22002173 4500
001 202007
010 _a978-972-24-1724-2
021 _aPT
_b329048/11
090 _a202007
100 _a20260430d u||y0pory50 ba
200 _aOutra vez!
_fautora e ilustradora Emily Gravett
_gtradução Susana Baeta
205 _a
210 _aLisboa
_cLivros Horizonte
_d2011
215 _a[28] p.
_cil. ; encadernado
_d27 cm
300 _aPlano Nacional de Leitura - Ler+
606 _92
_aLiteratura Infantil Inglesa
675 _a821.111-3
_vPT
_zpor
700 _9180
_aGravett
_bEmily
_f1972-
801 _aPT
_bBMMN
_gRPC
830 _cIsabel
990 _cLIVROS